Générique Bakugan - Paroles - Statistiques

Statistiques générales
  • Ce quiz a été pris 15 fois
  • Le résultat moyen est 8 sur 11
Statistiques - réponses
Paroles % Correct
Le pouvoir dans les {mains}
86%
Que le bien gagne, gagne, {gagne}
86%
Soyez prêts à {tout}
86%
Avec {Bakugan} !
79%
Seul au pied du {mur}
79%
C'est la {rencontre}
71%
C'est le bout du {chemin}
71%
La chance est {contre} vous
71%
Maître de votre {futur}
71%
Ultime étape, dernière {attaque}
64%
Deux mondes s'{affrontent}
57%
Aucun quiz correspondant
Distribution des résultats
% des personnes avec chaque résultat
Percentile par nombre de réponses
Votre historique - résultats
Vous n’avez pas pris ce quiz